000 00613nam a2200241Ia 4500
003 OSt
005 20221006141620.0
006 a|||||r|||| 00| 0
007 ta
008 221006b |||||||| |||| 00| 0 eng d
020 _c30.00
024 _a3,582
037 _cTextual
040 _aEASL
_cEASL
_beng
041 _2eng
_aeng
082 _aV44.N45, M1
100 _aDESAI A R
245 0 _aSocial background of Indian Nationalism
260 _aBombay
_bPopular Prakashan
_c1981
300 _a461p.
_ccm.
942 _hV44.N45, M1
_cTEXL
_2CC
999 _c1071668
_d1071668